[Event "Grenzturnering Gruppe 1 2014-15"]
[Site "Tonder"]
[Date "2015.04.27"]
[Round "7"]
[White "Palm, Eivind"]
[Black "Falsig, Niels"]
[Result "1/2-1/2"]
[WhiteElo "1884"]
[BlackElo "1980"]
[PlyCount "83"]
[EventDate "2014.??.??"]

1. c4 c5 2. g3 g6 3. Bg2 Bg7 4. Nc3 Nc6 5. Nf3 Nf6 6. d4 cxd4 7. Nxd4 O-O 8.
O-O a6 9. Nxc6 bxc6 10. Qd3 Qc7 11. Rd1 d6 12. b3 Bf5 13. e4 Bg4 14. f3 Bc8 15.
Be3 c5 16. Rac1 Bb7 17. Nd5 Nxd5 18. exd5 Bc8 19. Re1 a5 20. Qd2 Bd7 21. Bg5 f6
22. Bh6 Rfe8 23. Bxg7 Kxg7 24. a4 Rab8 25. Re3 e5 26. dxe6 Bxe6 27. Rce1 Bf7
28. f4 Rxe3 29. Rxe3 Rb4 30. Bf3 Qd7 31. Rd3 Qf5 32. g4 Qc8 33. Bd1 Qb7 34. Qg2
Qb8 35. g5 f5 36. Qb2+ Kg8 37. Qd2 d5 38. Rxd5 Bxd5 39. Qxd5+ Kg7 40. Qxc5 Qxf4
41. Qe7+ Kg8 42. Qe8+ 1/2-1/2